Portuguese Number Vocabulary - Statistics

General Stats
  • This quiz has been taken 535 times
    494 since last reset
  • The average score is 27 of 40
Answer Stats
Hint Answer % Correct
3 três
97%
6 seis
96%
5 cinco
95%
1 um
95%
4 quatro
94%
7 sete
93%
2 dois
92%
9 nove
92%
0 zero
92%
10 dez
90%
8 oito
88%
11 onze
85%
12 doze
82%
13 treze
82%
14 catorze
81%
15 quinze
79%
20 vinte
74%
40 quarenta
66%
1000 mil
65%
30 trinta
65%
90 noventa
64%
100 cem
63%
70 setenta
63%
80 oitenta
62%
50 cinqüenta
60%
19 dezenove
60%
18 dezoito
59%
16 dezesseis
53%
17 dezessete
52%
60 sessenta
51%
1 million milhão
45%
1 billion bilhão
40%
900 novecentos
40%
800 oitocentos
40%
400 quatrocentos
40%
700 setecentos
40%
600 seiscentos
39%
200 duzentos
38%
300 trezentos
38%
500 quinhentos
36%
No matching quizzes found
Score Distribution
Percent of People with Each Score
Percentile by Number Answered
Your Score History
You have not taken this quiz since the last reset